| 000 | 00573nam a2200193Ia 4500 | ||
|---|---|---|---|
| 003 | GCL | ||
| 008 | 140319s9999 xx 000 0 ara d | ||
| 040 |
_aGCL / _cGCL |
||
| 082 | 0 | 4 |
_aط _b813.02 _bد ق |
| 100 | 1 | _aدار الفكر العربى | |
| 245 | 1 | 0 |
_aهدية القمر / _cدار الفكر العربى |
| 260 |
_a[S.N] : _bدار الفكر العربى |
||
| 300 | _a16 ص | ||
| 490 |
_aسلسلة قصص الطفل السعيد _v0 |
||
| 650 | 0 | 4 | _aالاطفال |
| 650 | 0 | 4 | _aقصص الاطفال |
| 650 | 0 | 4 | _aقصص الطيور |
| 942 |
_2ddc _cBK |
||
| 999 |
_c56312 _d56312 |
||